Análisis de la calidad de la edad declarada en los censos de población del Uruguay (Registro nro. 33394)

Detalles MARC
000 -LEADER
fixed length control field 00410 a2200121 4500
001 - CONTROL NUMBER
control field ART_48443
005 - DATE AND TIME OF LATEST TRANSACTION
control field 20260410162024.0
008 - FIXED-LENGTH DATA ELEMENTS--GENERAL INFORMATION
fixed length control field 260409a
100 1# - MAIN ENTRY--PERSONAL NAME
Personal name Nathan, Mathias
245 10 - TITLE STATEMENT
Title Análisis de la calidad de la edad declarada en los censos de población del Uruguay
700 1# - ADDED ENTRY--PERSONAL NAME
Personal name Koolhaas, Martín
773 0# - HOST ITEM ENTRY
Title Notas de población
Related parts - Año XLV, Nº 107 (jul./dic. 2018)
Record control number REV41841

No hay ítems disponibles.